000 00606nam a2200181Ia 4500
003 GCL
008 140319s9999 xx 000 0 ara d
040 _aGCL /
_cGCL
082 0 4 _aم
_b413
_bع و
100 1 _aعبدالله البستانى
245 1 0 _aالوافى : معجم وسيط للغة العربية /
_cعبدالله البستانى
300 _a728 ص
490 _aماذا اعرف
_v0
650 0 4 _aاللغة العربية - الالفاظ
650 0 4 _aاللغة العربية - المعاجم
650 0 4 _aاللغة العربية - المصطلحات
942 _2ddc
_cREF
999 _c59643
_d59643